000
00312nam a2200133Ia 4500
100
_a
Roy choudhury/ T
942
_c
BK
654
_a
engineering
245
_a
Applied Engineering thermodynamics
260
_b
Tata Mc Graw hill
_a
New Delhi
_c
1987
082
_a
621.4021
_b
ROY
300
_a
244
546
_a
ENGLISH
999
_c
32071
_d
32071